01127 2200325 4500001002100000005001500021035002000036007000300056008004100059336002100100337002300121338003800144040002200182100002400204245015700228300003200385504002900417020002200446082001400468084001600482264003700498500006900535650001800604700002700622850001200649852002000661856007600681990002200757990002200779INLIS00000000086598320211101020801 a0010-1121000064ta211101s2012 yoia gs6 0 ind d 2rdacontentateks 2rdamediaakomputer 2rdacarrieraSumber sambung jaring aYOPDYOGbinderda0 aIin Fajrinepenulis10aNasihat-nasihat kebaikan :bsebuah komik yang berisi pesan-pesan kebaikan yang diramu dengan cerita gokil /cpenulis, Iin Fajrin; penyunting, Ipnu Rinto a1 berkas komputer (35,6 MB) aBibliografi : halaman 88 a978-602-7881-02-004223a741.5 a741.5 IIN n31aYogyakarta :bBuku Pintar,c2012 auntuk mengakses buku ini silakan unduh aplikasi http://iJogja.id 4aKomik, Bacaan0 aIpnu Rintoepenyunting aYOPDYOG8 aaplikasi iJogja40nPerpustakaan digital iJogjauhttp://ijogja.id /publications/books/13915 a004359-EPD/B.2016 a004360-EPD/B.2016